Estudio de pérdidas de energía por bajo factor de potencia en consumidores de tarifas monomia del circuito SMT – ASO3020

Se realiza un estudio a través de mediciones de campo para obtener datos reales que determinen el impacto de las pérdidas de energía eléctrica por bajo factor de potencia en consumidores de tarifas monomia con el fin de mostrar que tanta influencia tiene dicha perdida de energía eléctrica sobr...

Full description

Bibliographic Details
Main Authors: Urtecho Zavala, Genaro Francisco, Ramírez Godínez, Danilo Antonio
Other Authors: Tutor: Paz Campos, Felipe Isaac
Format: Tesis Section = Libro
Language:Undetermined
Spanish
Published: Managua UNI 2009
Subjects:
LEADER 01473nam a2200301Ia 4500
008 240830s9999 xx 000 0 und d
040 |a BIBLIOTECA-RUSB/ Mon 621.38132 U82 
041 |a spa 
082 |a Mon 621.38132 U82 
100 1 |a Urtecho Zavala, Genaro Francisco 
100 1 |b Ramírez Godínez, Danilo Antonio 
245 1 0 |a Estudio de pérdidas de energía por bajo factor de potencia en consumidores de tarifas monomia del circuito SMT – ASO3020 
260 |a Managua  |b UNI  |c 2009 
300 |a 101 p. :il. 
500 |a Contiene: anexos e Incluye: CD. 
502 |a Tesis (Ingeniero Electrónico) - UNI, 2009. 
520 3 |a Se realiza un estudio a través de mediciones de campo para obtener datos reales que determinen el impacto de las pérdidas de energía eléctrica por bajo factor de potencia en consumidores de tarifas monomia con el fin de mostrar que tanta influencia tiene dicha perdida de energía eléctrica sobre las cargas finales (consumidores). Presentar la relación que tienen consumidores de tarifas monomia con el proceso de energía eléctrica del país. 
650 7 |a CIRCUITOS ELECTRICOS 
650 7 |b  PROCESO ENERGETICO-NICARAGUA 
650 7 |c  ENERGIA ELECTRICA 
650 7 |d  RED ELECTRICA 
650 7 |e  CIRCUITOS DE DISTRIBUCION ELECTRICA 
650 7 |f  CORRIENTE ELECTRICA 
650 7 |g  SERVICIOS ELECTRICOS 
700 1 |a Tutor:  |b Paz Campos, Felipe Isaac 
942 |c BK  |2 ddc 
991 |a TESIS 
999 |c 20247